NLSUI OPAC header image

Law and practice relating to securitisation and reconstruction of financial assets and enforcement of secuirty interest (Record no. 29237)

MARC details
000 -LEADER
fixed length control field 01742nam a2200229Ia 4500
003 - CONTROL NUMBER IDENTIFIER
control field OSt
005 - DATE AND TIME OF LATEST TRANSACTION
control field 20210203131649.0
008 - FIXED-LENGTH DATA ELEMENTS--GENERAL INFORMATION
fixed length control field 160316s2011 xxu||||| |||| 00| 0 eng d
020 ## - INTERNATIONAL STANDARD BOOK NUMBER
International Standard Book Number 9788171947010
040 ## - CATALOGING SOURCE
Transcribing agency NLS
082 ## - DEWEY DECIMAL CLASSIFICATION NUMBER
Classification number 346.06646
Item number UMA
100 ## - MAIN ENTRY--PERSONAL NAME
Personal name Umarji M R
245 ## - TITLE STATEMENT
Title Law and practice relating to securitisation and reconstruction of financial assets and enforcement of secuirty interest
250 ## - EDITION STATEMENT
Edition statement 5th
260 ## - PUBLICATION, DISTRIBUTION, ETC.
Place of publication, distribution, etc. New Delhi
Name of publisher, distributor, etc. Taxmann Allied Services (P) Ltd.
Date of publication, distribution, etc. 2011
300 ## - PHYSICAL DESCRIPTION
Extent 1347p
365 ## - TRADE PRICE
Price amount Rs. 1,575
505 ## - FORMATTED CONTENTS NOTE
Formatted contents note Contents:<br/>Division one: Law relating to securitization asset reconstruction & rights of secured creditor;<br/>Securitisation;<br/>Asset reconstruction;<br/>Rights of secured creditors;<br/><br/>Division Two-Securitisation and reconstruction of financial assets and enforcement of security interest Act, 2002;<br/>Chapter I-Preliminary;<br/>Chapter II-Regulation of securitization and reconstruction of financial assets of banks and financial institutions;<br/>Chapter III-Enforcement of security interest;<br/>Chapter IV-Central Registry;<br/>Chapter V-Offences and penalties;<br/>Chapter VI-Miscellaneous;<br/><br/>Division Three-Recovery of debts due to banks and financial institutions Act, 1993;<br/>Chapter 1-Preliminary;<br/>Chapter 2- Establishment of tribunal and appellate tribunal;<br/>Chapter 3-Jurisdiction, power and authority of tribunals;<br/>Chapter 4-Procedure of tribunals;<br/>Chapter 5-Recovery of debts determined by tribunal;<br/>Chapter VI-Miscellaneous;<br/><br/>Division Four-RBI's guidelines and directions governing securitisation and reconstruction of financial assets and enforcement of security interest.<br/>Appendices.
650 ## - SUBJECT ADDED ENTRY--TOPICAL TERM
Topical term or geographic name entry element 1. Securitisation - Law - Legislations - India
700 ## - ADDED ENTRY--PERSONAL NAME
Personal name
--
942 ## - ADDED ENTRY ELEMENTS (KOHA)
Source of classification or shelving scheme Dewey Decimal Classification
Koha item type BOOKs
Holdings
Withdrawn status Lost status Damaged status Not for loan Home library Current library Shelving location Date acquired Cost, normal purchase price Total Checkouts Full call number Barcode Date last seen Price effective from Koha item type
        NLS NLS Library Compactors 30/05/2017 1575.00   346.06646 UMA 26642 30/05/2017 30/05/2017 BOOKs